| 000 | 00958nam a22002177a 4500 | ||
|---|---|---|---|
| 005 | 20250428164119.0 | ||
| 008 | 250428b |||||||| |||| 00| 0 eng d | ||
| 020 | _a978-93-91925-38-3 (hbk) | ||
| 037 | _cTB | ||
| 040 |
_aCRL _cCRL |
||
| 041 |
_2hin _ahin |
||
| 084 |
_aU8.498 152R2 _qCRL |
||
| 100 |
_aचंद्रभूषण _9753343 |
||
| 245 |
_aतुम्हारा नाम क्या है तिब्बत: _bयात्रा इतिहास राजनय |
||
| 260 |
_aगाज़ियाबाद, भारत: _bअंतिका प्रकाशन, _c2022. |
||
| 300 | _a168पृ0 | ||
| 365 | _bINR 400.00 | ||
| 650 | _2यात्रा वृतांत | ||
| 942 |
_2CC _cTB _hU8.498 152R2 _n0 |
||
| 999 |
_c1309689 _d1309689 |
||